00629cam a22001691 4500082002500000100002700025245002700052260002900079300002700108500012800135526003700263650001300300650002300313942001200336999001900348952009200367 a669bEEWcL-17, P-861 aNewton, Joseph,94484510aExtractive metallurgy. aNew York,bWileyc[1959] a532 p.billus.c24 cm. a"Essentially a revision and enlargement of the second part of [the author's]...Introduction to metallurty, second edition." a0b0c0d669_000000000000000_EEW 0aMCE9379 0aMetallurgy.925466 2ddccBK c548509d548509 00102ddc4070aMCEbMCEd2014-08-29l0o669 EEWpMCE-3894r2014-08-29w2014-08-29yBK